Big Cats by Picture #2 - Statistics

General Stats
  • This quiz has been taken 182 times
    127 since last reset
  • The average score is 9 of 12
Answer Stats
Picture Answer % Correct
Lion
100%
Tiger
99%
Cheetah
97%
Lynx
92%
Snow Leopard
90%
Jaguar
88%
Bobcat
80%
Liger
74%
Black Panther
68%
Ocelot
56%
Caracal
49%
Serval
43%
No matching quizzes found
Score Distribution
Percent of People with Each Score
Percentile by Number Answered
Your Score History
You have not taken this quiz since the last reset